|
|
|
|
| LEADER |
00783nam a22002171a 4500 |
| 001 |
c000211226 |
| 003 |
CARM |
| 005 |
20021125002200.0 |
| 008 |
871127s1961 00000 rus d |
| 019 |
1 |
|
|a 5600581
|5 LACONCORD2021
|
| 035 |
|
|
|a (OCoLC)220318341
|5 LACONCORD2021
|
| 040 |
|
|
|a NUN:S
|c NUN:S
|
| 100 |
1 |
|
|a Astakhov, Vladimir Gavrilovich.
|
| 245 |
1 |
0 |
|a G. V. Plekhanov.
|
| 260 |
|
|
|c 1961.
|
| 300 |
|
|
|a 1 v.
|
| 600 |
1 |
0 |
|a Chernyshevsky, Nikolay Gavrilovich,
|d 1828-1889.
|
| 600 |
1 |
0 |
|a Plekhanov, George V.
|q (George Valentinovich),
|d 1856-1918.
|
| 852 |
8 |
|
|b CARM
|h A2:AM22A0
|i B06233
|p 0291688
|f BK
|
| 999 |
f |
f |
|i 8ee2132e-55e1-5fc9-be1a-c0c70c1a1db4
|s cb9b4b79-45e3-52c2-926d-2bf131f80f83
|
| 952 |
f |
f |
|p Can circulate
|a CAVAL
|b CAVAL
|c CAVAL
|d CARM 1 Store
|e B06233
|f A2:AM22A0
|h Other scheme
|i book
|m 0291688
|